000 00257nam a22000977a 4500
999 _c11599
_d11599
008 190805b ||||| |||| 00| 0 eng d
020 _a9780241365724
100 _aGrossman Emily
_97308
245 _aFindout Science
260 _aIndia
_bPenguin Random House
_c2018